000 00947cam a2200265 a 4500
001 290
003 BR-CuiBMT
005 20231025211308.0
008 230926s2016 mgb 000 0 por d
020 _a9788545001478
040 _aBR-CuiBMT
_cBR-CuiBMT
080 _22007
_a342.8
090 _a342.8
_bC837i
100 1 0 _aCosta, Adriano Soares da
245 1 0 _aInstituições de direito eleitoral :
_bteoria da inelegibilidade direito processual eleitoral /
_cAdriano Soares da Costa.
250 _a10. ed., rev. ampl. e atual.
260 _aBelo Horizonte :
_bFórum,
_c2016.
300 _a487 p. :
_bil. ;
_c25 cm
500 _aAtualizada de acordo com a LC n° 135, de 2010, com a Lei n° 13.165, de 2015 e com o Novo Código de Processo Civil (Lei Federal n° 13.105, de 2015).
504 _aInclui bibliografia.
650 _aDireito eleitoral
650 _aTeoria da inelegibilidade
650 _aJustiça eleitoral
942 _2udc
_cLV
999 _c290
_d290